| 000 | 01032cam a2200229 4500 | ||
|---|---|---|---|
| 001 | ABS66060 | ||
| 008 | 021028n2002 000 0 eng u | ||
| 035 | _a(Sirsi) u120275 | ||
| 245 | _aSpecial report: property software | ||
| 260 | _c2002 | ||
| 490 |
_aProperty Week _v67(38) 4 October 2002, 43-52(6) |
||
| 520 | _aSpecial feature on property software. Focuses on the latest developments in wireless technology including the wireless office concept and a case study of CB Hillier Parker's research department. Also looks at how 'war-chalking' is giving hackers access to companies' internet systems. Concludes with a summary of some of the gadgets on display at this year's Property Computer Show (PCS). Includes glossary of terms. | ||
| 590 | _aABS | ||
| 650 | _aWIRELESS TECHNOLOGY | ||
| 650 | _aOFFICES | ||
| 650 | _aSECURITY | ||
| 650 | _aCB HILLIER PARKER | ||
| 650 | _aPROPERTY COMPUTER SHOW | ||
| 650 | _aPROPERTY SOFTWARE | ||
| 690 | _aMANAGEMENT-BUSINESS MANAGEMENT-INFORMATION MANAGEMENT | ||
| 942 | _n0 | ||
| 999 |
_c71459 _d71459 |
||